Регионална библиотека "Любен Каравелов" - Русе

Финансов мениджмънт (Запис номер 56039)

MARC детайли
000 -Лидер
Контролно поле с фиксирана дължина nam a22 a 4500
003 - Код на организацията, давaща контролен номер
Контролно поле BLK
005 - Дата и час на последна редакция
Контролно поле 20230329154920.0
008 - Елементи от данни с фиксирана дължина
fixed length control field 180408b bul|||||r ||||||| ||bul||
010 ## - Наследен системен номер
LC control number KNG00060016000
020 ## - Международен стандартен номер на книга ISBN
Международен стандартен номер на книга ISBN 954-416-003-5
040 ## - Източник на каталожния запис
Идентификатор на билиотеката - собственик на записа BLK
041 ## - Код за език
Код за езика на текст/звукозапис или на отделно заглавие Български
Код за езика КДБФ Български
080 ## - УДК
Текстов определител УДК Финанси. Митническо дело. Банково дело. Пари
УДК код - определител по УДК 336
УДК определител .008(035)
УДК - код + определител 336.008(035)
080 ## - УДК
Текстов определител УДК Методи на управление. Мениджмънт. Анализи, планиране, ръководство, сътрудничество, контрол, коопериране и др.
УДК код - определител по УДК 005.5
УДК определител (035)
УДК - код + определител 005.5(035)
100 1# - Редна дума - Автор
Автор Боева, Бистра Николова
Авторска отговорност първи автор
R(LIN) 363747
139 ## - Редно поле
Редна дума Боева, Бистра Николова и др.
Авторски знак Бого - Б 55
245 10 - Сведения за заглавието
Заглавие Финансов мениджмънт
Подзаглавни данни Ръководство за предприемачи, мениджъри, студенти, слушатели в бизнес университети и школи и учащи в техникуми и колежи
Редно поле (дума) Бистра Николова Боева; съавт. Деян Димитров Попов; съавт. Данаил Лазаров Данаилов.
257 ## - Страна на издаване
Страна на създаване/издаване България
260 ## - Област на издателските данни
Място на издаване, разпространение и проч. София
Име на издателя, разпространителя и проч. Век 22
Година на издаване 1992
300 ## - Физическа характеристика
Страници 257 с.
Илюстрации и др. със сх., табл., диагр.
Размери/Мащаб 24 см
380 ## - Жанр
Жанр Обществени науки
650 #4 - Допълнително описание по предмет – тема
Основно описание – тема или топоним Финанси - управление
9 (RLIN) 246011
650 #4 - Допълнително описание по предмет – тема
Основно описание – тема или топоним Управление - финанси - наръчници и ръководства
9 (RLIN) 246012
650 #4 - Допълнително описание по предмет – тема
Основно описание – тема или топоним Банково дело - наръчници и ръководства
9 (RLIN) 255787
650 #4 - Допълнително описание по предмет – тема
Основно описание – тема или топоним Борса
9 (RLIN) 149073
653 ## - Ключова дума – ненормативна
Ключова дума финанси
653 ## - Ключова дума – ненормативна
Ключова дума банково дело
653 ## - Ключова дума – ненормативна
Ключова дума борси
653 ## - Ключова дума – ненормативна
Ключова дума ръководства
700 1# - Други автори (авторска отговорност)
Лично име Попов, Деян Димитров
Автороска отговорност (Описва отношението между автора и произведението) съавт.
9 (RLIN) 369247
700 1# - Други автори (авторска отговорност)
Лично име Данаилов, Данаил Лазаров
Автороска отговорност (Описва отношението между автора и произведението) съавт.
9 (RLIN) 369248
852 ## - Местоположение
Форматна сигнатура Цб 171682
Фондова буква Хранилище
856 4# - Електронен адрес и достъп
Електронен формат pdf - файл
Инструкция (цена за достъп) 0.00
Права за достъп disable
856 4# - Електронен адрес и достъп
Електронен формат pdf - файл
Инструкция (цена за достъп) 0.00
Права за достъп disable
999 ## - СИСТЕМНИ КОНТРОЛНИ НОМЕРА
Koha biblionumber 56039
Koha biblioitemnumber 56039
942 ## - АРТИКУЛИ
Вид на библиотечния материал Книги
Скрит в OPAC Не
Периодичен библиозапис Да
944 ## - СЪЗДАВАНЕ И РЕДАКЦИЯ на ЗАПИСА
Създаване/Редакция Създаване
Дата на регистрацията/редакция 13.06.2004
Статус, дата на статуса ф /
Служител, извършил регистрацията/редакцията Ренета_Константинова
944 ## - СЪЗДАВАНЕ И РЕДАКЦИЯ на ЗАПИСА
Създаване/Редакция Редакция
Дата на регистрацията/редакция 19.09.2016
Статус, дата на статуса ф /
Служител, извършил регистрацията/редакцията Людмила_Стоянова
999 ## - СИСТЕМНИ КОНТРОЛНИ НОМЕРА
Koha biblioitemnumber 56039
Наличности
Код за отписване Код за изгубен артикул Източник на класификационната схема Код за повреда Коз за рестрикции Код за отдаване Артикулен № Име на библиотеката - собственик Име на библиотеката, в която се намира в момента Статус (Текущо местоположение) Дата на вписване в системата Местоположение - отдел Цена в лева Инвентарен номер Систематично азбучна сигнатура Баркод Номер на екземпляра Цена в евро Служебна бележка Служебен тип на артикула
  Не е изгубен Universal Decimal Classification Не е повреден без рестрикции ползва се в читалня 88113 Регионална библиотека "Любен Каравелов" Русе Регионална библиотека "Любен Каравелов" Русе Хранилище 1993-01-01 Основен фонд - ползва се само за читалня 1.72 577096 Цб 171682 120000577096 1 0.88 Дост: Pk Вид: Ф N: стар фонд Дата: 01.01.1993 Дата инв: 22.06.2010 Бележки инв: 2010 Книги
Изтеглен Не е изгубен Universal Decimal Classification Не е повреден без рестрикции заемане за дома 88114 Регионална библиотека "Любен Каравелов" Русе Регионална библиотека "Любен Каравелов" Русе Заемна - подръчен фонд 1992-01-01 Заемна - подръчен фонд 1.60 606328 П 336/Б 55 606328 2 0.82 Дост: Pk Вид: С N: стар фонд Дата: 01.01.1992 Дата инв: 23.01.2015 Бележки инв: П2015 Книги
Изтеглен Не е изгубен Universal Decimal Classification Не е повреден без рестрикции заемане за дома 88115 Регионална библиотека "Любен Каравелов" Русе Регионална библиотека "Любен Каравелов" Русе Заемна - подръчен фонд 1992-01-01 Заемна - подръчен фонд 1.60 606330 П 336/Б 55 606330 3 0.82 Дост: Pk Вид: С N: стар фонд Дата: 01.01.1992 Дата инв: 06.02.2018 Бележки инв: П2018 Книги
Изтеглен Не е изгубен Universal Decimal Classification Не е повреден без рестрикции заемане за дома 88116 Регионална библиотека "Любен Каравелов" Русе Регионална библиотека "Любен Каравелов" Русе Заемна - подръчен фонд 1992-01-01 Заемна - подръчен фонд 1.60 606331 П 336/Б 55 606331 4 0.82 Дост: Pk Вид: С N: стар фонд Дата: 01.01.1992 Дата инв: 06.02.2018 Бележки инв: П2018 Книги
  Не е изгубен   Не е повреден без рестрикции заемане за дома 88117 Регионална библиотека "Любен Каравелов" Русе Регионална библиотека "Любен Каравелов" Русе Заемна - подръчен фонд 2016-06-21 Заемна - подръчен фонд 18.00 120000801287 П 336/Б 55 120000801287 5 9.20 Дост: DA Вид: А N: 23 Дата: 21.06.2016 Дата инв: 06.02.2018 Бележки инв: П2018 Книги
Vip Innovations Ltd, Rousse, Bulgaria 2025